Remote Sensing Based FATA Agricultural System Characterization for Food Security (Record no. 534876)

000 -LEADER
fixed length control field 00526nam a22001577a 4500
020 ## - INTERNATIONAL STANDARD BOOK NUMBER
Qualifying information Hard Cover.
082 ## - DEWEY DECIMAL CLASSIFICATION NUMBER
Classification number 621.3678
100 ## - MAIN ENTRY--PERSONAL NAME
Personal name Shahid, Saba
245 ## - TITLE STATEMENT
Title Remote Sensing Based FATA Agricultural System Characterization for Food Security
Statement of responsibility, etc. Saba Shahid.
260 ## - PUBLICATION, DISTRIBUTION, ETC.
Place of publication, distribution, etc. Islamabad :
Name of publisher, distributor, etc. IGIS - NUST,
Date of publication, distribution, etc. 2017.
300 ## - PHYSICAL DESCRIPTION
Extent xi, 56 p. : ill. ;
Dimensions 30cm.
942 ## - ADDED ENTRY ELEMENTS (KOHA)
Source of classification or shelving scheme
Koha item type Thesis
650 ## - SUBJECT ADDED ENTRY--TOPICAL TERM
Topical term or geographic name entry element MS Thesis Remote Sensing and GIS.
700 ## - ADDED ENTRY--PERSONAL NAME
Personal name Dr. Javed Iqbal.
650 ## - SUBJECT ADDED ENTRY--TOPICAL TERM
-- 29221
700 ## - ADDED ENTRY--PERSONAL NAME
-- 25404
Holdings
Withdrawn status Lost status Source of classification or shelving scheme Damaged status Not for loan Permanent Location Current Location Shelving location Date acquired Total Checkouts Full call number Barcode Date last seen Price effective from Koha item type
          Central Library (CL) Central Library (CL) Thesis 08/05/2020   621.3678 CL-T-5706 08/05/2020 08/05/2020 Thesis
© 2023 Central Library, National University of Sciences and Technology. All Rights Reserved.